Wszystkie piosenki - Pezet - Statystyki

Ogólne statystyki
  • Ten quiz został rozwiązany 48 razy
  • Średni wynik to 46 z 219
Statystyki odpowiedzi
Hint Odpowiedź % Poprawnych
Muzyka Klasyczna (z NOON) Ukryty w Mieście Krzyk
86%
Muzyka współczesna Magenta
75%
Muzyka współczesna Dom
69%
Muzyka Klasyczna (z NOON) Seniorita (Gorąca Krew)
61%
Muzyka Komercyjna (Deluxe) Dom Nad Wodą
56%
Muzyka rozrywkowa Gdyby miało nie być jutra
53%
Muzyka rozrywkowa Gdyby miało nie być jutra - L PRO Remix
53%
Muzyka rozrywkowa Gdyby miało nie być jutra - Sempu Remix
53%
Muzyka Poważna (z NOON) | Nasze Dni (z Płomień 81 & Onar) Intro
53%
Muzyka współczesna Intro (Niki)
53%
Na zawsze będzie płonął (z Płomień 81 & Onar) Intro - Paweł Szamburski
53%
Muzyka Klasyczna (z NOON) Re-Fleksje
50%
Muzyka Klasyczna (z NOON) Slang
50%
Muzyka współczesna (Extended Edition) Zonda
50%
Radio Pezet Produkcja Sidney Polak Co mam powiedzieć
47%
Muzyka współczesna Gorzka woda
47%
Muzyka współczesna Gorzka woda - Remix (feat. Oki & Otsochodzi & Jan-Rapowanie & Zdechły Osa)
47%
Muzyka współczesna Gorzka woda - Remix (feat. Paluch & KęKę & Sokół & Ten Typ Mes)
47%
Muzyka Poważna (z NOON) Gubisz Ostrość
47%
Muzyka Poważna (z NOON) Nie Jestem Dawno
47%
Muzyka Poważna (z NOON) Nie Jestem Dawno (Ajron Remix)
47%
Na zawsze będzie płonął (z Płomień 81 & Onar) Outro
47%
Muzyka współczesna Outro (feat. Bryndal)
47%
Muzyka Klasyczna (z NOON) Rap Robię (feat. Grammatik & Małolat)
47%
Muzyka Klasyczna (z NOON) 5-10-15 (feat. Ten Typ Mes)
44%
Muzyka współczesna Piroman
42%
Muzyka Poważna (z NOON) Szósty Zmysł
42%
Muzyka Klasyczna (z NOON) Te Same Dni, Te Same Sny (feat. Ash)
42%
Muzyka Poważna (z NOON) Dziś
39%
Muzyka rozrywkowa Halo
39%
Muzyka rozrywkowa Lubię
39%
Muzyka rozrywkowa Lubię - Sempu Remix
39%
Muzyka rozrywkowa Lubię - Szogun Remix
39%
Muzyka współczesna Nie zobaczysz łez
39%
Muzyka współczesna (Extended Edition) Nisko jest niebo (feat. Kayah)
39%
Muzyka Komercyjna (Deluxe) Pierwszy Człowiek Na Księżycu
39%
Historie z sąsiedztwa (z Płomień 81 & Onar) Powiedz na osiedlu
39%
Muzyka Komercyjna Jan Paweł
36%
Muzyka Komercyjna Mewa
36%
Muzyka rozrywkowa Noc i dzień (feat. Małolat & Fame District)
36%
Muzyka rozrywkowa Noc i dzień - L PRO Remix (feat. Małolat)
36%
Muzyka emocjonalna Noc i dzień - Remix (feat. Małolat & Fame District)
36%
Muzyka współczesna Obrazy Pollocka
36%
Muzyka emocjonalna Spadam
36%
Muzyka emocjonalna Spadam - Czarny Remix
36%
Muzyka emocjonalna Spadam - Zjawin Remix
36%
Muzyka współczesna 2K30 (feat. Taco Hemingway)
33%
Muzyka Klasyczna (z NOON) Mantra (2002 Bonus Track)
33%
Muzyka współczesna Nauczysz się czekać
33%
Muzyka Komercyjna Nikogo nie kocham (feat. EMAS)
33%
Muzyka Komercyjna Tatuaże i Motocykle (feat. Bedoes 2115 & White 2115)
33%
Muzyka rozrywkowa #1
31%
Muzyka współczesna (Extended Edition) Broniewski
31%
Muzyka Komercyjna Gangi w LA
31%
Muzyka Komercyjna Miłość na sprzedaż (feat. Gibbs)
31%
Muzyka Poważna (z NOON) Retro 01
31%
Muzyka Poważna (z NOON) Retro 02
31%
Muzyka Klasyczna (z NOON) Seniorita Skit
31%
Muzyka Klasyczna (z NOON) To Tylko Ja
31%
Muzyka Komercyjna Tyrmand i Hłasko (feat. Sokół)
31%
Muzyka Poważna (z NOON) W Branży
31%
Muzyka Klasyczna (z NOON) Zimnafuzja (feat. Fokus)
31%
Muzyka współczesna (Extended Edition) 98
28%
Muzyka Komercyjna Daddy Issues (feat. Kukon & VAE VISTIC)
28%
Muzyka Poważna (z NOON) Retro 03
28%
Muzyka współczesna Zły śpi spokojnie (feat. Lua Preta & Oskar)
28%
Muzyka Komercyjna Zszedłem Ze Sceny
28%
Muzyka Klasyczna (z NOON) Bez Twarzy (feat. Gosia Foltyniak)
25%
Muzyka Komercyjna Hollywood Smile
25%
Muzyka rozrywkowa Niegrzeczna (feat. Wdowa)
25%
Szkoła 81 (z Płomień 81 & Onar) Powiedz na osiedlu 2020 (feat. Kali & Paluch)
25%
Muzyka Klasyczna (z NOON) Siedem Dni (2005 Bonus Track)
25%
Radio Pezet Produkcja Sidney Polak Slang 2
25%
Radio Pezet Produkcja Sidney Polak Supergirl
25%
Szkoła 81 (z Płomień 81 & Onar) Szkoła 81
25%
Muzyka Komercyjna Tonący
25%
Muzyka Komercyjna Tonic Espresso
25%
Muzyka Poważna (z NOON) To-Samo
25%
Muzyka Poważna (z NOON) A Mieliśmy Być Poważni...
22%
Muzyka Komercyjna Business Class (feat. Avi & Paluch)
22%
Szkoła 81 (z Płomień 81 & Onar) Discopolo (feat. Avi & Włodi)
22%
Muzyka Klasyczna (z NOON) Muzyka instrumentalna
22%
Dziś w moim mieście (z Małolat) Nagapiłem się (feat. Małpa)
22%
Muzyka Komercyjna Stare WWO
22%
Muzyka emocjonalna Źrenice
22%
Muzyka współczesna (Extended Edition) Amber Gold (feat. Avi & EMAS)
19%
Muzyka współczesna Braincell (Interlude)
19%
Radio Pezet Produkcja Sidney Polak Byłem (feat. As)
19%
Radio Pezet Produkcja Sidney Polak Charlie Sheen (feat. Ten Typ Mes)
19%
Muzyka Komercyjna (Deluxe) Jeden Świat (feat. Natalia Szroeder)
19%
Muzyka rozrywkowa Na tym osiedlu (feat. Onar)
19%
Muzyka rozrywkowa Na tym osiedlu - Tasty Beatz Remix (feat. Onar)
19%
Szkoła 81 (z Płomień 81 & Onar) Popiół (feat. Kabe)
19%
Szkoła 81 (z Płomień 81 & Onar) Religia
19%
Szkoła 81 (z Płomień 81 & Onar) 20 to już nie 04
17%
Muzyka współczesna Czas to iluzja (feat. Syny)
17%
Dziś w moim mieście (z Małolat) Dopamina
17%
Dziś w moim mieście (z Małolat) Dziś w moim mieście (feat. Grizzlee)
17%
Radio Pezet Produkcja Sidney Polak Japan Porno Skit
17%
Dziś w moim mieście (z Małolat) Koka (feat. VNM)
17%
Szkoła 81 (z Płomień 81 & Onar) Maradona
17%
Muzyka rozrywkowa Pezet jak...
17%
Dziś w moim mieście (z Małolat) Pragniesz - Produced by Auer
17%
Szkoła 81 (z Płomień 81 & Onar) Styl (feat. Hemp Gru & Kaczy)
17%
Muzyka Komercyjna (Deluxe) Święty Bass (feat. Miły ATZ)
17%
Muzyka rozrywkowa Takie jak Ty (feat. Wdowa)
17%
Muzyka Komercyjna Time For Us (feat. Mary Komasa)
17%
Muzyka emocjonalna W moim świecie - Remix 2 (feat. Lilu)
17%
Muzyka emocjonalna W moim świecie - Remix (feat. Lilu)
17%
Szkoła 81 (z Płomień 81 & Onar) Woda taka głęboka (feat. Louis Villain)
17%
Historie z sąsiedztwa (z Płomień 81 & Onar) WWA
17%
Muzyka emocjonalna Ciemno
14%
Szkoła 81 (z Płomień 81 & Onar) Do widzenia (feat. Gedz)
14%
Nasze Dni (z Płomień 81 & Onar) Historie z Sąsiedztwa (feat. Małolat & Waco)
14%
Muzyka rozrywkowa Lojalność
14%
Muzyka rozrywkowa Lojalność - PLN Beatz Remix
14%
Muzyka rozrywkowa Lojalność - PLN Beatz Remix (feat. Wuzet)
14%
Muzyka rozrywkowa Lojalność - Sempu Remix (feat. Żaru)
14%
Muzyka rozrywkowa Lojalność - Szogun Remix (feat. Flint)
14%
Muzyka rozrywkowa Lojalność - Tasty Beatz Remix
14%
Historie z sąsiedztwa (z Płomień 81 & Onar) Mój dom
14%
Radio Pezet Produkcja Sidney Polak Napewno
14%
Muzyka rozrywkowa Nie tylko hit na lato
14%
Muzyka rozrywkowa Nie tylko hit na lato - Sempu Remix
14%
Radio Pezet Produkcja Sidney Polak Noc jest dla mnie (feat. Fokus)
14%
Historie z sąsiedztwa (z Płomień 81 & Onar) Odwaga
14%
Historie z sąsiedztwa (z Płomień 81 & Onar) Odwaga - Zjawin Remix
14%
Muzyka rozrywkowa Pornogwiazdy (feat. 2cztery7)
14%
Radio Pezet Produkcja Sidney Polak P-Z
14%
Radio Pezet Produkcja Sidney Polak Radio Pezet 01
14%
Radio Pezet Produkcja Sidney Polak Radio Pezet 02
14%
Radio Pezet Produkcja Sidney Polak Radio Pezet 03
14%
Radio Pezet Produkcja Sidney Polak Radio Pezet 04
14%
Radio Pezet Produkcja Sidney Polak Radio Pezet 05
14%
Radio Pezet Produkcja Sidney Polak Radio Pezet 06
14%
Radio Pezet Produkcja Sidney Polak Radio Pezet 07
14%
Muzyka rozrywkowa Sexmisja (feat. Kali)
14%
Radio Pezet Produkcja Sidney Polak Shot Yourself (feat. Kamil Bednarek)
14%
Na zawsze będzie płonął (z Płomień 81 & Onar) | Nasze Dni (z Płomień 81 & Onar) Skit 1
14%
Na zawsze będzie płonął (z Płomień 81 & Onar) | Nasze Dni (z Płomień 81 & Onar) Skit 2
14%
Na zawsze będzie płonął (z Płomień 81 & Onar) | Nasze Dni (z Płomień 81 & Onar) Skit 3
14%
Nasze Dni (z Płomień 81 & Onar) Skit 4
14%
Szkoła 81 (z Płomień 81 & Onar) Start
14%
Muzyka Klasyczna (z NOON) Wibracja 03
14%
Muzyka współczesna 5.07 (Interlude)
11%
Dziś w moim mieście (z Małolat) Antananarywa - Produced by Auer
11%
Historie z sąsiedztwa (z Płomień 81 & Onar) Co jest?
11%
Historie z sąsiedztwa (z Płomień 81 & Onar) Co jest? - Scoop Remix
11%
Muzyka rozrywkowa Czterdzieściprocent (feat. Ten Typ Mes)
11%
Muzyka rozrywkowa Czterdzieściprocent - Tasty Beatz Remix (feat. Mes)
11%
Radio Pezet Produkcja Sidney Polak Jak być szczęśliwym (feat. Killa Kela)
11%
Historie z sąsiedztwa (z Płomień 81 & Onar) Jestem przeciw
11%
Historie z sąsiedztwa (z Płomień 81 & Onar) Kiedy słońce wstaje
11%
Na zawsze będzie płonął (z Płomień 81 & Onar) Letniak (feat. Marta F.)
11%
Nasze Dni (z Płomień 81 & Onar) Optymista Pesymista
11%
Radio Pezet Produkcja Sidney Polak Rock'N'Roll
11%
Szkoła 81 (z Płomień 81 & Onar) Stop
11%
Muzyka Poważna (z NOON) (To) Tylko Raz 01
11%
Muzyka Poważna (z NOON) (To) Tylko Raz 02
11%
Historie z sąsiedztwa (z Płomień 81 & Onar) 30 stopni w cieniu bloku
8%
Radio Pezet Produkcja Sidney Polak Brutto czy netto
8%
Muzyka Klasyczna (z NOON) Forma 01
8%
Dziś w moim mieście (z Małolat) Jestem sam
8%
Muzyka emocjonalna Nieważne (feat. Krzysztof Rychard)
8%
Muzyka emocjonalna Nieważne - Zjawin Remix
8%
Dziś w moim mieście (z Małolat) Pezet & Małolat - Intro
8%
Historie z sąsiedztwa (z Płomień 81 & Onar) Przejażdżka
8%
Radio Pezet Produkcja Sidney Polak Spis cudzołożnic (feat. Supra1)
8%
Muzyka emocjonalna Światła zgasły
8%
Historie z sąsiedztwa (z Płomień 81 & Onar) Tekst
8%
Nasze Dni (z Płomień 81 & Onar) To Są Nasze Dni (feat. Stasiak)
8%
Muzyka Poważna (z NOON) Wibracja 04
8%
Muzyka emocjonalna Widzę jej obraz
8%
Dziś w moim mieście (z Małolat) Chciałbym uciec stąd - Outro
6%
Radio Pezet Produkcja Sidney Polak DJ Panda Skit
6%
Nasze Dni (z Płomień 81 & Onar) Dwulicowi Ludzie (feat. Fenomen)
6%
Radio Pezet Produkcja Sidney Polak Fakty ludzie pieniądze
6%
Dziś w moim mieście (z Małolat) Hip Hop robi dla mnie (feat. Fabri Fibra)
6%
Muzyka współczesna одиночество (Interlude)
6%
Muzyka rozrywkowa Mamy ten styl
6%
Historie z sąsiedztwa (z Płomień 81 & Onar) Na podwórko i do klubu
6%
Nasze Dni (z Płomień 81 & Onar) Niosę Światło 2
6%
Dziś w moim mieście (z Małolat) Odkąd ostatnio gadaliśmy (feat. Diox)
6%
Dziś w moim mieście (z Małolat) Tak łatwo było
6%
Radio Pezet Produkcja Sidney Polak Ten dzień minie
6%
Historie z sąsiedztwa (z Płomień 81 & Onar) Trudno mnie kochać
6%
Na zawsze będzie płonął (z Płomień 81 & Onar) Ursynów 99
6%
Dziś w moim mieście (z Małolat) Zaalarmuj
6%
Nasze Dni (z Płomień 81 & Onar) 5 Minut
3%
Dziś w moim mieście (z Małolat) Co by to zmienilo (feat. Molesta Ewenement & Grizzulah)
3%
Na zawsze będzie płonął (z Płomień 81 & Onar) Dzieciaki
3%
Na zawsze będzie płonął (z Płomień 81 & Onar) Freestyle - Pezet Szczecin 1998
3%
Dziś w moim mieście (z Małolat) Gdzie byśmy dziś byli
3%
Na zawsze będzie płonął (z Płomień 81 & Onar) Inni niż wszyscy
3%
Radio Pezet Produkcja Sidney Polak Killa Kella Pezet's Greatest Hits
3%
Historie z sąsiedztwa (z Płomień 81 & Onar) Kolejny raz
3%
Nasze Dni (z Płomień 81 & Onar) Kontrast
3%
Nasze Dni (z Płomień 81 & Onar) Kto Przy Mikrofonie?
3%
Nasze Dni (z Płomień 81 & Onar) Lawstory
3%
Historie z sąsiedztwa (z Płomień 81 & Onar) Niespełniony sen
3%
Muzyka emocjonalna Nie tego chcę
3%
Na zawsze będzie płonął (z Płomień 81 & Onar) Przypadki chodzą po ludziach
3%
Na zawsze będzie płonął (z Płomień 81 & Onar) To dla tych - wersja 100L
3%
Na zawsze będzie płonął (z Płomień 81 & Onar) To muzyka
3%
Historie z sąsiedztwa (z Płomień 81 & Onar) To nie tak
3%
Nasze Dni (z Płomień 81 & Onar) Tysiące Wspomnień
3%
Nasze Dni (z Płomień 81 & Onar) Ucz Się na Błędach
3%
Na zawsze będzie płonął (z Płomień 81 & Onar) Wierzę w siebie (feat. Małolat)
3%
Na zawsze będzie płonął (z Płomień 81 & Onar) Wszystko się może zdarzyć
3%
Nasze Dni (z Płomień 81 & Onar) Znowu Się Spóźniłem (feat. Waco)
3%
Na zawsze będzie płonął (z Płomień 81 & Onar) Głowa do góry (feat. OMP)
0%
Na zawsze będzie płonął (z Płomień 81 & Onar) Miłe słowa (feat. Marta F.)
0%
Na zawsze będzie płonął (z Płomień 81 & Onar) Miliard w rozumie
0%
Na zawsze będzie płonął (z Płomień 81 & Onar) Tak to się zaczęło
0%
Na zawsze będzie płonął (z Płomień 81 & Onar) Warszawa nocą
0%
Nie znaleziono quizów pasujących do podanych kryteriów
Rozkład punktacji
Procent ludzi z każdym wynikiem
Percentyl według liczby udzielonych odpowiedzi
Twoja historia wyników
Nie rozwiązałeś tego quizu